1935 1797 1965 1433 1689 1951 1847 1497 1499 1645 1275 1363 1066 1768 1298 1561 1287 1916 1800 1166 1176 1672 1946 1753 1880 1238 1821 1845 1510 1127 1486 1040 1044 1024 1303 1333 1308 1503 1174 1699 1653 1208 1539 1361 1666 1858 1176 1925 1854 1065 1140 1637 1403 1703 1395 1631 1339 1522 1893 1929 1372 1710 1684 1769 1583 1695 1232 1171 1471 1213 1276 1915 1684 1494 1320 1135 1208 1240 1479 1430 1844 1785 1457 1713 1830 1794 1771 1722 1144 1031 1638 1157 1012 1739 1407 1555 1294 1328 1296 BCNSPRNW ULIB Ver.6.0+V

เปลี่ยนเป็นภาษาไทย

Change to English
 แสดงรายละเอียดบรรณานุกรม
  กลับหน้าหลัก

Brief Record : Get Marc (ISO 2709) : E-mail record : QR code < ปิดหน้าต่าง
LEADER : 00000nam 2200000uu 4500
001    13399113657
003     ULIB
008    111213sมปป.||||th 000 0 tha d
020    ^a9789740672319
050  4 ^aBQ4190^bพ349ท มปป.
100 0  ^aพระราชธรรมนิเทศ (พยอม กัลยาโณ)
245 10 ^aเทศนา..ฮาสนั่น... เล่ม 2 /^cพระพยอม กลฺยาโณ
260    ^aกรุงเทพฯ :^bไออุ่น,^c[2551?]
300    ^a175 หน้า ;^c19 ซม
650  7 ^aธรรมะ^xเรื่องสั้น
700 0  ^aพระพยอม กัลยาโณ
945    ^p120^l0^i15837
995    ^aกัณชพร
999 ^a ใช้งานได้ทุกระบบ
รายการนี้ยังไม่มีแท็ก
คุณยังไม่ได้ล็อกอิน คุณสามารถมีกิจกรรมร่วมกับเว็บไซต์ได้ แต่ต้องล็อกอินก่อน ::
  ล็อกอิน

รายการสื่อสารสนเทศ

ลำดับที่ ประเภท เลขเรียก/บาร์โค้ด สถานที่ สถานะ
- ไม่พบข้อมูล -

รายการใกล้เคียง
    ผู้แต่ง [พระราชธรรมนิเทศ (พยอม กัลยาโณ)]

BibComment


ยังไม่เคยถูกคอมเมนท์

คอมเมนท์ทรัพยากรรายการนี้
  คอมเมนท์: เทศนาฮาสนั่น เล่..


 Copyright 2026. Bcnsprnw @Library